Statistiques concernant Sondage - Études

Cliquez ici pour prendre le quiz!

Statistiques générales

  • Ce quiz a été pris 71 fois
  • Le résultat moyen est 7 sur 15

Statistiques - réponses

NomRéponsesMa réponse% Correct
AToujours en étudesA
88%
KScientifiqueK
69%
CUniversitéC
59%
BÉtudes terminéesB
45%
OAutreO
45%
DIUT / BUTD
41%
HÉcoles spécialiséesH
41%
JAutreJ
41%
LÉconomieL
41%
MLittéraireM
39%
EBTSE
38%
FCPGE (Classe prépa)F
38%
GClasse prépa intégréeG
38%
NArtsN
33%
ICAPI
31%

Distribution des résultats

Percentile par nombre de réponses

% des personnes avec chaque résultat

Votre développement - résultats

Vous n’avez pas pris ce quiz